000 00676nam a2200205Ii 4500
003 JO-AjNU
008 230605s9999||||xx |||||||||||||| ||und||
040 _aJO-AjNU
_bara
_erda
_cJO-AjNU
041 _aara
050 1 4 _aKRM641.S22.1964
100 3 _aالصده ، عبدالمنعم فرج ,
_eauthor
_947154
245 0 0 _aحق الملكية
250 _aط2
264 3 1 _aالقاهرة : مكتبة مصطفى البابى الحلبي ، 1964
300 _a192ص
336 _atext
_btxt
_2rdacontent
337 _aunmediated
_bn
_2rdamedia
338 _avolume
_bnc
_2rdacarrier
650 4 _aحق الملكية -- قوانين وتشريعات -- مصر
_947155
999 _aA20564
_c24132
_d24132